| 000 | 00971nam a2200277 i 4500 | ||
|---|---|---|---|
| 001 | 185989 | ||
| 003 | SpMaBN | ||
| 005 | 20250824204414.0 | ||
| 008 | 160901s1990 sp d |||| | | ||
| 020 | _a84-03-60157-3 | ||
| 080 | _a914.60(038) | ||
| 245 | 0 | 0 |
_aDiccionario de voces españolas geográficas / _cReal Academia de la Historia. |
| 250 | _aEd. facs. | ||
| 260 |
_aMadrid : _bAguilar, _c1990. |
||
| 300 |
_a93 p. ; _c16 x 10 cm. |
||
| 490 | 1 |
_aEl libro Aguilar ; _v95. _aLibros de consulta |
|
| 534 |
_pRepr. facs. de: _c[Real Academia de la Historia, ca. 1800] |
||
| 650 | 0 | 4 |
_aGeografía- _vDiccionarios. _913071 |
| 651 | 7 |
_aEspaña- _xGeografía- _vDiccionarios. _98201 |
|
| 655 | 7 |
_2tgfbne _9226495 _aFacsímiles |
|
| 710 | 2 |
_aReal Academia de la Historia (España) _96309 |
|
| 830 | 0 | 3 |
_aEl libro Aguilar _v95. _9227831 |
| 852 |
_aES-MaACL _jL-30600 _z- enc. cart. _z. - Donat. Miguel A. Velasco |
||
| 942 | _2udc | ||
| 999 |
_c185989 _d185989 |
||